| 000 | 00406nam a2200157Ia 4500 | ||
|---|---|---|---|
| 005 | 20241209053522.0 | ||
| 008 | 240331s9999 xx 000 0 und dl | ||
| 020 | _a9789558943052 | ||
| 082 |
_bHAR _a891 |
||
| 100 | _aHarris, S | ||
| 245 | 4 |
_aThe rolled back beach : _bstories from the Tsunami |
|
| 260 |
_aColombo _bINSCRIPT (PVT) LTD _c2008 |
||
| 300 | _a98 p ., | ||
| 650 | _aShort Stories | ||
| 942 | _cL | ||
| 999 |
_c4450 _d4450 |
||